LDR 00778naa#a2200205#i#450# 001 EN\\bibl\116784 005 20260430190413.4 011 ## _a1994-4683 100 ## _a20260429b2026####ek#y0engy0150####ca 102 ## _aRU 200 1# _aDigital addiction and physical activity among university students _eJournal article 210 1# _aMoscow _cNational State University of Physical Education, Sports and Health named after P.F. Lesgaft _d2026 215 ## _a7 с. 608 ## _aJournal article _2local 675 ## _aФизическое здоровье студентов. 378.172 _z 700 #1 _aShestera _gAl'bina Aleksandrovna 700 #1 _aKaerova _gElena Vladislavovna 700 #1 _aMahachkeeva _gTat'yana Aleksandrovna 700 #1 _aBrockina _gOl'ga Aleksandrovna 856 4# _auchzapiski.lesgaft.spb.ru _u